00295nam a22001097a 4500999001900000020001500019100001900034245008000053250001200133260003300145942000700178 c264512d264510 a0590062123 aCynthia Rylant aHenry and Mudge get the cold shivers : the seventh book of their adventures a1st ed. aNew York bScholasticc1989. cBK